000 00922nam a22003017a 4500
001 5806
003 FISKH
005 20250131101045.0
008 250123b cb ||||| |||| 00| 0 eng d
020 _a9780439333979
040 _aFISKH
_beng
_cFISKH
_dFISKH
050 _aPZ8.P17
082 _a535
100 _aParker, Blain Marjorie
_d(1960-)
245 _aIce cream everywhere! /
_cby Marjorie Blain Parker ; Illustrated by Stephanie Roth
250 _aFirst printing in 2002
260 _aNew York :
_bScholastic,
_c2002.
300 _a29 pages :
_bcolor illustrations ;
_c23 cm
505 _aE
520 _aRhyming text describes different ways of eating ice cream and how to clean up afterwards.
521 8 _a190
_bLexile
521 8 _aE
_bRaz-Plus
650 _2Easy reader
_aRhyme
650 _2Summer
_aFood
700 _aRoth, Stephanie
_dillustrator
942 _2ddc
_cBK
_n0
999 _c5806
_d5806